ARRUPE JESUIT UNIVERSITY

CORONAVIRUS -STOP THE SPREAD - CLEAN,DISINFECT,COVER

A wicked company : (Record no. 123101)

MARC details
000 -LEADER
fixed length control field 02066cam a2200313 a 4500
001 - CONTROL NUMBER
control field 16276237
003 - CONTROL NUMBER IDENTIFIER
control field ARRUPE
005 - DATE AND TIME OF LATEST TRANSACTION
control field 20150826110425.0
008 - FIXED-LENGTH DATA ELEMENTS--GENERAL INFORMATION
fixed length control field 100610s2010 nyuac b 001 0 eng
010 ## - LIBRARY OF CONGRESS CONTROL NUMBER
LC control number 2010023350
020 ## - INTERNATIONAL STANDARD BOOK NUMBER
International Standard Book Number 9780465014538 (alk. paper) :
Terms of availability $29.95
020 ## - INTERNATIONAL STANDARD BOOK NUMBER
International Standard Book Number 0465014534 (alk. paper)
035 ## - SYSTEM CONTROL NUMBER
System control number (OCoLC)ocn535492116
040 ## - CATALOGING SOURCE
Original cataloging agency DLC
Transcribing agency DLC
Modifying agency BTCTA
-- YDXCP
-- OCO
-- C#P
-- BWX
-- CDX
-- MNW
-- DLC
050 00 - LIBRARY OF CONGRESS CALL NUMBER
Classification number B802
Item number .B56 2010
082 00 - DEWEY DECIMAL CLASSIFICATION NUMBER
Classification number 944/.034
Edition number 22
300 ## - PHYSICAL DESCRIPTION
Other physical details ill., portraits ;
Dimensions 25 cm.
100 1# - MAIN ENTRY--PERSONAL NAME
Personal name Blom, Philipp,
Dates associated with a name 1970-
9 (RLIN) 18760
245 12 - TITLE STATEMENT
Title A wicked company :
Remainder of title freethinkers and friendship in pre-revolutionary Paris
Statement of responsibility, etc Philipp Blom.
260 ## - PUBLICATION, DISTRIBUTION, ETC. (IMPRINT)
Place of publication, distribution, etc London :
Name of publisher, distributor, etc Phoenex,
Date of publication, distribution, etc c2010.
300 ## - PHYSICAL DESCRIPTION
Extent xx, 361 p. :
504 ## - BIBLIOGRAPHY, ETC. NOTE
Bibliography, etc Includes bibliographical references (p. 327-343) and index.
505 0# - FORMATTED CONTENTS NOTE
Formatted contents note Fathers and sons. City of lights ; Journeys ; Encyclopédie: grand ambitions ; Chez M. Holbach ; Audacity ; Christianity unveiled ; Only the wicked man lives alone -- Marvelous machines. Le bon David ; A natural philosophy ; Sheikhs of the Rue Royale ; Grandval ; The bear -- The island of love. Crime and punishment ; The most ungrateful dogg in the world ; Fame and fate ; The empress and the Bean King ; Sex in paradise ; Fifty hired priests -- A stolen revolution.
520 ## - SUMMARY, ETC.
Summary, etc Acclaimed historian, Philipp Blom, retraces the fortunes and characters of the men, that from the 1750s to the 1770s in the Paris salon of Baron Paul Thirty Holback had debated with intellectual daring and produced revolutionary ideas. These brilliant minds full of wit, courage, and humanity in their thinking created a different and radical French Enlightenment based on atheism, passion, empathy, and a compellingly insightful perspective on society.--[book cover]
650 #0 - SUBJECT ADDED ENTRY--TOPICAL TERM
Topical term or geographic name as entry element Enlightenment.
9 (RLIN) 18761
650 #0 - SUBJECT ADDED ENTRY--TOPICAL TERM
Topical term or geographic name as entry element Radicalism.
9 (RLIN) 18762
906 ## - LOCAL DATA ELEMENT F, LDF (RLIN)
a 7
b cbc
c orignew
d 1
e ecip
f 20
g y-gencatlg
942 ## - ADDED ENTRY ELEMENTS (KOHA)
Source of classification or shelving scheme Library of Congress Classification
Koha item type Monograph ( Printed materials)
Holdings
Withdrawn status Lost status Source of classification or shelving scheme Damaged status Not for loan Collection code Home library Current library Shelving location Date acquired Total Checkouts Full call number Barcode Date last seen Price effective from Koha item type
    Library of Congress Classification     Main Collection ARRUPE LIBRARY ARRUPE LIBRARY Main Collection 26/08/2015   B802.B56 2010 464123218 26/08/2015 26/08/2015 Monograph ( Printed materials)

 

Arrupe Library. PO Box MP320 Mt Pleasant, Harare, Zimbabwe
263 242 745411|librarian@aju.ac.zw